000 01157nam a22002417a 4500
003 NALT
005 20210720162720.0
008 s2543 th tha d
040 _aNALT
041 _atha
090 _aว SB379.D8 อ728ก 2543
100 0 _aอิทธิสุนทร นันทกิจ
245 1 0 _aการพัฒนาระบบการให้ปุ๋ยและน้ำอย่างมีประสิทธิภาพสำหรับสวนทุเรียน /
_cอิทธิสุนทร นันทกิจ
260 3 _aกรุงเทพฯ :
_bสำนักงานกองทุนสนับสนุนการวิจัย,
_c2543
300 _a152 หน้า :
_b ภาพประกอบ, ตาราง ;
_c 28 ซม.
650 0 4 _aทุเรียน -- ปุ๋ย -- วิจัย
650 0 4 _aทุเรียน -- การปลูก -- วิจัย
650 0 4 _aทุเรียน -- วิจัย
650 0 4 _aสวนทุเรียน -- วิจัย
850 _aNALT
942 _cRSH
_2lcc
998 _bSOPAPORN
_j109
_k อารีรัตน์ วิชาช่าง
999 _c30038
_d30038